| 000 | 00845nas a2200289 4500 | ||
|---|---|---|---|
| 001 | BR9800716 | ||
| 003 | BR-BrBNA | ||
| 005 | 20231205100725.0 | ||
| 007 | ta | ||
| 008 | 230509b bl.|||p| |||| 00| 00por d | ||
| 040 |
_aBR-BrBNA _bpor _cBiblioteca Nacional de Agricultura |
||
| 041 | _a(Pt) | ||
| 072 | _aP33 | ||
| 100 | 1 | _aCamargo, O.A. de | |
| 100 | 1 | _aCastro, O.M. de | |
| 100 | 1 | _aVieira, S.R. | |
| 100 | 1 | _aQuaggio, J.A. | |
| 245 | 1 | _aAlteracoes de atributos quimicos do horizonte superficial de um latossolo e um podzolico com a calagem | |
| 650 | _aCalagem | ||
| 650 | _aLatossolo | ||
| 650 | _aPodzolico | ||
| 650 | _aCalcario | ||
| 650 | _aPH | ||
| 773 | 0 |
_tScientia Agricola (Brazil) _xISSN 0103-9016 _g(Jan-Aug 1997), v. 54(1-2) p. 1-8 _wBR9800716 |
|
| 909 |
_a202311 _bLúcia _c55 _dLúcia Elande |
||
| 942 |
_2AGRIS _n0 _cANA |
||
| 999 |
_c157688 _d157688 |
||